Enfoques de aprendizaje en estudiantes universitarios excelentes y medios : su evolución a lo largo del primer año de carrera (Record no. 167667)
[ view plain ]
| 000 -CABECERA | |
|---|---|
| campo de control de longitud fija | 00704nab a2200205 a 4500 |
| 005 - FECHA Y HORA DE LA ÚLTIMA TRANSACCIÓN | |
| campo de control | 20210223132302.0 |
| 008 - ELEMENTOS DE LONGITUD FIJA--INFORMACIÓN GENERAL | |
| campo de control de longitud fija | 991125s1985 mx 000 0 spa u |
| 035 ## - NÚMERO DE CONTROL DEL SISTEMA | |
| Número de control de sistema | UPN01000195566 |
| 222 ## - TÍTULO CLAVE | |
| Título clave | BORDON : |
| Información calificativa | REVISTA DE PEDAGOGIA |
| 245 ## - MENCIÓN DE TÍTULO | |
| Título | Enfoques de aprendizaje en estudiantes universitarios excelentes y medios : su evolución a lo largo del primer año de carrera |
| 260 ## - PUBLICACIÓN, DISTRIBUCIÓN, ETC. | |
| Lugar de publicación, distribución, etc. | Madrid, España |
| 300 ## - DESCRIPCIÓN FÍSICA | |
| Extensión | 75-96 |
| 362 0# - FECHAS DE PUBLICACIÓN Y/O DESIGNACIÓN SECUENCIAL | |
| Fecha de publicación y/o designación secuencial | 2013 Vol. 65, no. 2, abr.-jun. |
| 653 0# - TERMINO DE INDIZACION - NO CONTROLADO | |
| Término no controlado | ESTUDIANTE UNIVERSITARIO |
| 653 0# - TERMINO DE INDIZACION - NO CONTROLADO | |
| Término no controlado | ENFOQUES DE APRENDIZAJE |
| 653 0# - TERMINO DE INDIZACION - NO CONTROLADO | |
| Término no controlado | RENDIMIENTO ACADEMICO |
| 700 1# - ASIENTO SECUNDARIO--NOMBRE DE PERSONAL | |
| Nombre de persona | Gargallo López, Bernardo, |
| Término indicativo de función/relación | coaut. |
| 9 (RLIN) | 39315 |
| 700 1# - ASIENTO SECUNDARIO--NOMBRE DE PERSONAL | |
| Filiación | bernardo.gargallo@uv.es |
| 905 ## - TIPO DE MATERIAL | |
| Tipo de material | Articulo |
No items available.
